000
00259nam a2200097Ia 4500
008
201216s9999 xx 000 0 und d
100
_a
Branch,Alan E.
245
0
_a
Economics of shipping practice and management
260
_a
London
_b
Chapman and hall
942
_c
BK
999
_c
6208
_d
6208